00319nam a2200109Ia 4500008004100000041000800041082001200049100001700061245009200078260003100170300000800201230511s1999 xx 000 0 und d aeng a346.052 aDivekar G M  aLaw of Hindu Co-oparcenary with commentary on the Hindu Succession Amending State Act  aPunebHind Law Housec1999 a265